| 000 | 00474nam a22001697a 4500 | ||
|---|---|---|---|
| 003 | BD-ChCU | ||
| 005 | 20260429114939.0 | ||
| 008 | 260429b bg ||||| |||| 00| 0 ben d | ||
| 040 | _cBD-ChCU | ||
| 082 | _a361.092 TIO | ||
| 100 |
_aTinker Hugh. _922085 |
||
| 245 |
_aThe ordeal of love C. F. Andrews and India.// _cTinker Hugh. |
||
| 260 |
_aDelhi. _bO. U. P. _cxvii, 334p |
||
| 300 | _axvii, 334p | ||
| 650 | 0 |
_aAndrews, C. F. - Biographty. _922087 |
|
| 942 |
_2ddc _cBK _n0 |
||
| 999 |
_c112520 _d112520 |
||